Training the translator /

Bibliographic Details
Main Author: Kussmaul, Paul
Format: Book
Language:English
Published: Amsterdam ; Philadelphia : J. Benjamins Pub. Co., 1995.
Series:Benjamins translation library ; v. 10.
Subjects:

MARC

Tag First Indicator Second Indicator Subfields
LEADER 00000cam a22000008a 4500
001 in00001237341
005 20151003062411.0
008 950110s1995 ne b 001 0 eng
010 |a  95005027  
020 |a 1556196903 (hard : alk. paper) :  |c $43.00 
035 |a (OCoLC)31934235 
035 |9 AGS7644AM 
040 |a DLC  |c DLC  |d TXA  |d UtOrBLW 
049 |a TXAM 
050 0 0 |a P306.5  |b .K87 1995 
082 0 0 |a 418/.02/092  |2 20 
100 1 |a Kussmaul, Paul. 
245 1 0 |a Training the translator /  |c Paul Kussmaul. 
263 |a 9503 
264 1 |a Amsterdam ;  |a Philadelphia :  |b J. Benjamins Pub. Co.,  |c 1995. 
300 |a 176 pages :  |b illustrations 
336 |a text  |b txt  |2 rdacontent 
337 |a unmediated  |b n  |2 rdamedia 
338 |a volume  |b nc  |2 rdacarrier 
490 1 |a Benjamins translation library,  |v v. 10 
504 |a Includes bibliographical references and indexes. 
650 0 |a Translators  |x Training of. 
650 0 |a Translating and interpreting  |x Study and teaching. 
830 0 |a Benjamins translation library ;  |v v. 10. 
999 |a MARS 
999 f f |s 2506de7d-fb41-3ff1-afa7-4eb128012b78  |i 66620c5b-cac9-3d1c-9f10-890bebfd9058  |t 0 
952 f f |p ric  |a Texas A&M University  |b Rellis Campus  |c Joint Library Facility  |s JLF  |d Remote Storage  |t 0  |e P306.5 .K87 1995  |h Library of Congress classification  |i unmediated -- volume  |m A14819253497 
998 f f |a P306.5 .K87 1995  |t 0  |l Remote Storage